<?xml version="1.0" encoding="UTF-8"?>
<collection xmlns:xsi="http://www.w3.org/2001/XMLSchema-instance" xsi:schemaLocation="http://www.loc.gov/MARC21/slim http://www.loc.gov/standards/marcxml/schema/MARC21slim.xsd" xmlns="http://www.loc.gov/MARC21/slim">
 <record>
  <leader>00000cam a22000004a 4500</leader>
  <controlfield tag="001">UP-8027390931316138600</controlfield>
  <controlfield tag="003">Buklod</controlfield>
  <controlfield tag="005">20071106143602.0</controlfield>
  <controlfield tag="006">a     r    |||| u|</controlfield>
  <controlfield tag="007">ta</controlfield>
  <controlfield tag="008">870617t19671948ilu     r    |000 0|eng d</controlfield>
  <datafield tag="035" ind1=" " ind2=" ">
   <subfield code="a">(iLib)UPMIN-00000013726</subfield>
  </datafield>
  <datafield tag="040" ind1=" " ind2=" ">
   <subfield code="a">DLC</subfield>
   <subfield code="c">DLC</subfield>
   <subfield code="d">DLC</subfield>
  </datafield>
  <datafield tag="050" ind1="0" ind2="0">
   <subfield code="a">B780.M3</subfield>
   <subfield code="b">C37 1967</subfield>
  </datafield>
  <datafield tag="082" ind1="0" ind2="0">
   <subfield code="a">128</subfield>
  </datafield>
  <datafield tag="090" ind1=" " ind2="0">
   <subfield code="a">B780.M3</subfield>
   <subfield code="b">C37 1967</subfield>
  </datafield>
  <datafield tag="100" ind1="1" ind2=" ">
   <subfield code="a">Cassirer, Ernst</subfield>
   <subfield code="d">1874-1945</subfield>
   <subfield code="e">ed.</subfield>
  </datafield>
  <datafield tag="245" ind1="1" ind2="4">
   <subfield code="a">The Renaissance philosophy of man.</subfield>
   <subfield code="b">Selections in translation</subfield>
   <subfield code="c">edited by Ernst Cassirer, Paul Oskar Kristeller [and] John Herman Randall, Jr.</subfield>
  </datafield>
  <datafield tag="264" ind1=" " ind2="1">
   <subfield code="a">Chicago</subfield>
   <subfield code="b">University of Chicago Press</subfield>
   <subfield code="c">[1967, c1948]</subfield>
  </datafield>
  <datafield tag="300" ind1=" " ind2=" ">
   <subfield code="a">viii, 405 p.</subfield>
   <subfield code="c">21 cm.</subfield>
  </datafield>
  <datafield tag="490" ind1="0" ind2=" ">
   <subfield code="a">Phoenix books, P1</subfield>
  </datafield>
  <datafield tag="500" ind1=" " ind2=" ">
   <subfield code="a">At head of title: Petrarca, Valla, Ficino, Pico, Pomponazzi, Vives.</subfield>
  </datafield>
  <datafield tag="505" ind1="0" ind2=" ">
   <subfield code="a">Francesco Petrarca, translated by H. Nachod: Introduction. A self-portrait. The ascent of Mont Ventoux. On his own ignorance and that of many others. A disapproval of an unreasonable use of the discipline of dialectic. An Averroist visits Petrarca. Petraca's aversion to Arab science. A request to take up the fight against Averroes.--Lorenzo Valla, translated by C.E. Trinkaus, Jr.: Introduction by C.E. Trinkaus, Jr. Dialogue on free will.--Marsilio Ficino, translated by J.L. Burroughs: Introduction, by J.L. Burroughs. Five questions concerning the mind.-- Giovanni Pico della Mirandola, translated by E.L. Forbes Introduction, by P.O. Kristeller. Oration on the dignity of man.--Pietro Pomponazzi, translated by W.H. Hay. Introduction, by J.H. Randall. On the immortality of the soul.--Juan Luis Vives, translated by N. Lenkeith: Introduction, by N. Lenkeith. A fable about man.--Selective bibliography (p. 397-400)</subfield>
  </datafield>
  <datafield tag="650" ind1=" " ind2="0">
   <subfield code="a">Philosophy, Renaissance.</subfield>
  </datafield>
  <datafield tag="650" ind1=" " ind2="0">
   <subfield code="a">Philosophical anthropology</subfield>
   <subfield code="x">History.</subfield>
  </datafield>
  <datafield tag="700" ind1="1" ind2=" ">
   <subfield code="a">Kristeller, Paul Oskar</subfield>
   <subfield code="d">1905-</subfield>
   <subfield code="e">ed.</subfield>
  </datafield>
  <datafield tag="700" ind1="1" ind2=" ">
   <subfield code="a">Randall, John Herman</subfield>
   <subfield code="d">1899-1980</subfield>
   <subfield code="e">joint ed.</subfield>
  </datafield>
  <datafield tag="852" ind1="0" ind2=" ">
   <subfield code="a">UPMIN</subfield>
   <subfield code="b">UPMIN-MAIN</subfield>
   <subfield code="h">B780.M3 C37 1967</subfield>
  </datafield>
  <datafield tag="942" ind1=" " ind2=" ">
   <subfield code="a">Book</subfield>
  </datafield>
 </record>
</collection>
